[Event "20. Obert Int. Sant Marti 2018 - B"]
[Site "Barcelona ESP"]
[Date "2018.07.16"]
[Round "4.21"]
[White "Moreno Perez, Norberto"]
[Black "Caro Martinez, Ramon"]
[Result "0-1"]
[WhiteElo "1874"]
[BlackElo "1741"]
[PlyCount "136"]
[EventDate "2018.07.13"]
[EventType "swiss"]
[EventRounds "9"]
[EventCountry "ESP"]
[SourceTitle "Ajedrez en Madrid"]
[Source "lmi"]
[SourceDate "2018.07.13"]
[SourceVersion "1"]
[SourceVersionDate "2019.06.21"]
[SourceQuality "1"]

1. e4 d6 2. Nf3 Nf6 3. Nc3 a6 4. Bc4 b5 5. Bb3 c5 6. d3 g6 7. e5 dxe5 8. Nxe5
e6 9. Bg5 Bb7 10. O-O Bg7 11. Qe2 O-O 12. Ng4 Nbd7 13. a4 Qc7 14. Nxf6+ Nxf6
15. f3 Qb6 16. Kh1 b4 17. a5 Qd6 18. Na4 Bc6 19. Nb6 Rab8 20. Nc4 Qc7 21. Qe3
Nd5 22. Qxc5 h6 23. Bh4 Rb5 24. Qf2 Ne7 25. Bxe7 Qxe7 26. Ba4 Rc5 27. Bxc6 Rxc6
28. Ra4 Rb8 29. Re1 Rb5 30. h3 Bf6 31. Qe3 Kg7 32. Qe4 Qc7 33. f4 Rcc5 34. Re3
Rd5 35. Rf3 Rb8 36. Qe3 Bd4 37. Qe4 Bxb2 38. Nxb2 Qxc2 39. Rxb4 Rxb4 40. Qxb4
Rb5 41. Qd4+ e5 42. fxe5 Qxb2 43. Qd7 Qa1+ 44. Kh2 Qxe5+ 45. Rg3 Rd5 46. Qa7
Rxd3 47. Qf2 Ra3 48. h4 Rxa5 49. Kh3 Qe6+ 50. Kh2 Rf5 51. Rf3 Re5 52. Qd4 Qd5
53. Qa1 Qa5 54. Qd4 Qc5 55. Qa1 a5 56. h5 Kg8 57. hxg6 Rh5+ 58. Rh3 Qc7+ 59.
Kg1 Qc5+ 60. Kh1 Rxh3+ 61. gxh3 Qd5+ 62. Kh2 fxg6 63. Qf6 Qd2+ 64. Kh1 Qe1+ 65.
Kh2 Qe8 66. h4 a4 67. h5 Qe2+ 68. Kg1 Qg4+ 0-1

[Event "20. Obert Int. Sant Marti 2018 - B"]
[Site "Barcelona ESP"]
[Date "2018.07.16"]
[Round "4.22"]
[White "Volart Buil, Jordi"]
[Black "Costa Trave, Jaume"]
[Result "0-1"]
[WhiteElo "1715"]
[BlackElo "1862"]
[PlyCount "136"]
[EventDate "2018.07.13"]
[EventType "swiss"]
[EventRounds "9"]
[EventCountry "ESP"]
[SourceTitle "Ajedrez en Madrid"]
[Source "lmi"]
[SourceDate "2018.07.13"]
[SourceVersion "1"]
[SourceVersionDate "2019.06.21"]
[SourceQuality "1"]

1. e4 e6 2. d4 d5 3. exd5 Qxd5 4. Nf3 Nc6 5. a3 Nf6 6. Nc3 Qd8 7. Bf4 a6 8. b4
Bd6 9. Qd2 Ne7 10. Bc4 Ng6 11. Bg3 Bd7 12. Ne5 Nh5 13. Ne4 Bxe5 14. Bxe5 Nxe5
15. dxe5 Bc6 16. Qe3 Qh4 17. Bd3 Nf4 18. O-O Nxd3 19. cxd3 Rd8 20. f3 O-O 21.
d4 Rd7 22. Rad1 Rfd8 23. Rd2 h6 24. g3 Qe7 25. Rc1 Rd5 26. Nc5 Qe8 27. Qc3 Ra8
28. Kf2 Qe7 29. h4 Rdd8 30. Ne4 Rdc8 31. Qc5 Qd7 32. Ke3 a5 33. Nc3 axb4 34.
axb4 b6 35. Qc4 Ra3 36. Kf2 Bb7 37. Ne4 Bd5 38. Qe2 Rca8 39. Nc3 Bb7 40. Ne4
Rb3 41. Qc4 Raa3 42. Rc3 Bxe4 43. Qxb3 Rxb3 44. Rxb3 Bd5 45. Rc3 Qb5 46. Rb2 c5
47. dxc5 bxc5 48. Rxc5 Qd3 49. Rxd5 Qxd5 50. Re2 Qd4+ 51. Kg2 Qxb4 52. Kf2 g5
53. hxg5 hxg5 54. Kg2 Kg7 55. Kf2 Kg6 56. Re4 Qc5+ 57. Kf1 Qc2 58. Re2 Qd3 59.
Kf2 Kf5 60. Re3 Qd4 61. Ke2 g4 62. f4 Qb2+ 63. Kf1 Qh2 64. Ke1 Qg2 65. Kd1 Qf2
66. Rb3 Ke4 67. Rb4+ Kf3 68. f5 Qe2+ 0-1

[Event "20. Obert Int. Sant Marti 2018 - B"]
[Site "Barcelona ESP"]
[Date "2018.07.16"]
[Round "4.23"]
[White "Del Rio Baena, Dani"]
[Black "Morales Rubiella, Albert"]
[Result "0-1"]
[WhiteElo "1050"]
[BlackElo "1396"]
[PlyCount "70"]
[EventDate "2018.07.13"]
[EventType "swiss"]
[EventRounds "9"]
[EventCountry "ESP"]
[SourceTitle "Ajedrez en Madrid"]
[Source "lmi"]
[SourceDate "2018.07.13"]
[SourceVersion "1"]
[SourceVersionDate "2019.06.21"]
[SourceQuality "1"]

1. e4 c5 2. Nf3 Nc6 3. d4 cxd4 4. Nxd4 Nf6 5. Nc3 d6 6. Bb5 Bd7 7. O-O g6 8.
Be3 Bg7 9. h3 O-O 10. Qd2 a6 11. Nxc6 Bxc6 12. Bxc6 bxc6 13. Bh6 Qc7 14. Qg5
Rab8 15. Rab1 Rfd8 16. f4 Bxh6 17. Qxh6 d5 18. e5 Nd7 19. Rf3 f5 20. Rg3 e6 21.
h4 Nf8 22. h5 Qg7 23. Qg5 h6 24. Qh4 Kh7 25. hxg6+ Nxg6 26. Qh5 Rg8 27. Na4
Qa7+ 28. Kh2 Nxf4 29. Qh4 Rxg3 30. Qxg3 Ng6 31. Qc3 a5 32. Qxc6 Rb4 33. g3 Qf2+
34. Kh3 Rh4+ 35. gxh4 Nf4# 0-1

[Event "20. Obert Int. Sant Marti 2018 - B"]
[Site "Barcelona ESP"]
[Date "2018.07.16"]
[Round "4.25"]
[White "Corominas Garrido, Jordi"]
[Black "Pascual Gonzalez-Novelles, Carles"]
[Result "0-1"]
[WhiteElo "1853"]
[BlackElo "1717"]
[PlyCount "74"]
[EventDate "2018.07.13"]
[EventType "swiss"]
[EventRounds "9"]
[EventCountry "ESP"]
[SourceTitle "Ajedrez en Madrid"]
[Source "lmi"]
[SourceDate "2018.07.13"]
[SourceVersion "1"]
[SourceVersionDate "2019.06.21"]
[SourceQuality "1"]

1. c4 Nf6 2. Nc3 c5 3. g3 Nc6 4. Bg2 e6 5. e4 Be7 6. Nge2 a6 7. d4 cxd4 8. Nxd4
Qb6 9. Nb3 Ne5 10. Qe2 d6 11. f4 Nc6 12. Be3 Qc7 13. O-O e5 14. Rad1 Bg4 15.
Bf3 Bxf3 16. Qxf3 h5 17. Nd5 Nxd5 18. cxd5 exf4 19. gxf4 Nd8 20. Rc1 Qd7 21. e5
Qg4+ 22. Qxg4 hxg4 23. Rc7 Rh3 24. Bd4 Rd3 25. Kf2 Rh3 26. Rc3 Rxc3 27. bxc3 a5
28. a4 Rc8 29. Kg3 Rc4 30. Ra1 b6 31. Kxg4 dxe5 32. Nd2 exd4 33. Nxc4 dxc3 34.
Rc1 Bb4 35. Kf5 Nb7 36. Ke5 Nc5 37. Nxb6 Nd3+ 0-1

[Event "20. Obert Int. Sant Marti 2018 - B"]
[Site "Barcelona ESP"]
[Date "2018.07.16"]
[Round "4.26"]
[White "Jimenez Molina, Victor"]
[Black "Gonzalez Lafita, Oscar"]
[Result "0-1"]
[WhiteElo "1710"]
[BlackElo "1849"]
[PlyCount "52"]
[EventDate "2018.07.13"]
[EventType "swiss"]
[EventRounds "9"]
[EventCountry "ESP"]
[SourceTitle "Ajedrez en Madrid"]
[Source "lmi"]
[SourceDate "2018.07.13"]
[SourceVersion "1"]
[SourceVersionDate "2019.06.21"]
[SourceQuality "1"]

1. e4 e5 2. Nf3 Nc6 3. Bb5 a6 4. Ba4 Nf6 5. O-O b5 6. Bb3 Be7 7. Re1 d6 8. c3
Bg4 9. d4 exd4 10. h3 Bxf3 11. Qxf3 dxc3 12. Qg3 O-O 13. Nxc3 Re8 14. Nd5 Nd4
15. Bh6 Ne6 16. e5 dxe5 17. Rxe5 Bf8 18. Rd1 Bd6 19. Ne7+ Qxe7 20. Rxd6 cxd6
21. Bxe6 fxe6 22. Rg5 g6 23. Rxg6+ hxg6 24. Qxg6+ Kh8 25. Bg5 Rf8 26. Qh6+ Kg8
0-1

[Event "20. Obert Int. Sant Marti 2018 - B"]
[Site "Barcelona ESP"]
[Date "2018.07.16"]
[Round "4.27"]
[White "Carricondo Fernandez, Vicente"]
[Black "Castro Estrella, Joan Gabriel"]
[Result "1-0"]
[WhiteElo "1845"]
[BlackElo "1712"]
[PlyCount "78"]
[EventDate "2018.07.13"]
[EventType "swiss"]
[EventRounds "9"]
[EventCountry "ESP"]
[SourceTitle "Ajedrez en Madrid"]
[Source "lmi"]
[SourceDate "2018.07.13"]
[SourceVersion "1"]
[SourceVersionDate "2019.06.21"]
[SourceQuality "1"]

1. e4 e5 2. Nf3 Nc6 3. Bc4 Nf6 4. d3 Be7 5. a3 d6 6. h3 O-O 7. Be3 Be6 8. Bxe6
fxe6 9. c3 d5 10. Nbd2 d4 11. Bg5 dxc3 12. Nc4 cxb2 13. Nxb2 Nd7 14. Bxe7 Qxe7
15. Nc4 Rfd8 16. O-O Qf6 17. Ne3 h5 18. Rb1 Rab8 19. Qc2 Qe7 20. Qc4 Nb6 21.
Qb3 Nd4 22. Nxd4 Rxd4 23. Nf5 Qf6 24. Nxd4 exd4 25. f4 Kh8 26. a4 e5 27. fxe5
Qxe5 28. Rf5 Qe8 29. Rbf1 Nd7 30. Qc4 Nf6 31. Qxd4 Rd8 32. Qc3 Qe7 33. e5 Nd5
34. Rxh5+ Kg8 35. Qc4 Qe8 36. Qh4 Qxh5 37. Qxh5 Ne3 38. Qf7+ Kh7 39. Rf4 Rd4
1-0

[Event "20. Obert Int. Sant Marti 2018 - B"]
[Site "Barcelona ESP"]
[Date "2018.07.16"]
[Round "4.28"]
[White "Gallego Montes, Antoni"]
[Black "Gorti, Atmika"]
[Result "0-1"]
[WhiteElo "1837"]
[BlackElo "1712"]
[PlyCount "145"]
[EventDate "2018.07.13"]
[EventType "swiss"]
[EventRounds "9"]
[EventCountry "ESP"]
[SourceTitle "Ajedrez en Madrid"]
[Source "lmi"]
[SourceDate "2018.07.13"]
[SourceVersion "1"]
[SourceVersionDate "2019.06.21"]
[SourceQuality "1"]

1. e4 c5 2. Nf3 d6 3. c3 Nf6 4. Be2 g6 5. O-O Bg7 6. Re1 O-O 7. Bf1 Nc6 8. d4
cxd4 9. Nxd4 Bd7 10. Na3 a6 11. Nac2 Rc8 12. f3 Qc7 13. Bg5 Nxd4 14. Qxd4 h6
15. Be3 Kh7 16. Qd2 Bc6 17. Qf2 Nd7 18. Qh4 Ne5 19. Nd4 Qd7 20. g4 Rh8 21. h3
Bb5 22. f4 Nc4 23. Bxc4 Bxc4 24. f5 Kg8 25. Nf3 Bf6 26. Qg3 Bg7 27. b3 Bb5 28.
c4 Bxa1 29. Rxa1 Bc6 30. Bd4 Rh7 31. Re1 e5 32. fxe6 fxe6 33. Nh4 g5 34. Nf3
Rf7 35. h4 e5 36. Bb2 Rf4 37. Nh2 Bxe4 38. Bc1 Rcf8 39. Bxf4 gxf4 40. Qc3 Bc6
41. Qd3 e4 42. Rxe4 Bxe4 43. Qxe4 Qf7 44. Nf3 Re8 45. Qd4 Qe6 46. Qxf4 Rf8 47.
Qg3 Qe2 48. Nh2 Qxa2 49. Qe3 Qa1+ 50. Kg2 Qb2+ 51. Kg3 Qe5+ 52. Qxe5 dxe5 53.
Nf3 e4 54. Nd4 e3 55. Nf5 e2 56. Kf2 Re8 57. Ke1 Re6 58. g5 hxg5 59. hxg5 Re5
60. Nd6 b5 61. b4 bxc4 62. Nxc4 Re4 63. Nd2 Rxb4 64. Kxe2 a5 65. Kd3 a4 66. Kc3
Rb7 67. Nc4 Rb3+ 68. Kc2 Kg7 69. Nb2 Rb4 70. Nd3 Rb8 71. Nc1 a3 72. Nb3 a2 73.
Kb2 0-1

[Event "20. Obert Int. Sant Marti 2018 - B"]
[Site "Barcelona ESP"]
[Date "2018.07.16"]
[Round "4.29"]
[White "Vicente Soriano, Josep"]
[Black "Julia Yebra, David"]
[Result "1-0"]
[WhiteElo "1701"]
[BlackElo "1808"]
[PlyCount "97"]
[EventDate "2018.07.13"]
[EventType "swiss"]
[EventRounds "9"]
[EventCountry "ESP"]
[SourceTitle "Ajedrez en Madrid"]
[Source "lmi"]
[SourceDate "2018.07.13"]
[SourceVersion "1"]
[SourceVersionDate "2019.06.21"]
[SourceQuality "1"]

1. e4 d6 2. d4 Nf6 3. Bd3 e5 4. dxe5 dxe5 5. Ne2 Bc5 6. O-O O-O 7. h3 c6 8.
Nbc3 a5 9. Bg5 Be7 10. Be3 Qc7 11. Ng3 Na6 12. Qf3 Nb4 13. Rfd1 Rd8 14. Na4 c5
15. a3 Nxd3 16. cxd3 Be6 17. Nc3 b6 18. Nf5 Bxf5 19. Qxf5 g6 20. Qf3 Ne8 21.
Nd5 Qd6 22. Nxe7+ Qxe7 23. Rac1 a4 24. Qg3 Rd7 25. h4 f6 26. f4 exf4 27. Bxf4
Ng7 28. Qf3 Rad8 29. Rc3 Ne6 30. Be3 Nd4 31. Bxd4 Rxd4 32. b3 axb3 33. Rxb3 c4
34. Rxb6 Rxd3 35. Rxd3 cxd3 36. Rb1 d2 37. Rd1 Qe5 38. Qb3+ Kf8 39. Qb4+ Qd6
40. Rxd2 Qxb4 41. Rxd8+ Ke7 42. axb4 Kxd8 43. Kf2 Kc7 44. Ke3 Kb6 45. Kd4 Kb5
46. Kc3 h6 47. g4 Kc6 48. Kc4 Kb6 49. Kd5 1-0

[Event "20. Obert Int. Sant Marti 2018 - B"]
[Site "Barcelona ESP"]
[Date "2018.07.16"]
[Round "4.30"]
[White "Cano Vila, Eduard"]
[Black "Fuentes Barrientos, Carlos"]
[Result "1/2-1/2"]
[WhiteElo "1694"]
[BlackElo "1803"]
[PlyCount "79"]
[EventDate "2018.07.13"]
[EventType "swiss"]
[EventRounds "9"]
[EventCountry "ESP"]
[SourceTitle "Ajedrez en Madrid"]
[Source "lmi"]
[SourceDate "2018.07.13"]
[SourceVersion "1"]
[SourceVersionDate "2019.06.21"]
[SourceQuality "1"]

1. e4 e5 2. Nf3 Nc6 3. d3 Bc5 4. g3 d6 5. Bg2 Bg4 6. c3 Nf6 7. Nbd2 Qd7 8. h3
Bh5 9. O-O O-O-O 10. b4 Bb6 11. a4 a6 12. b5 Na5 13. bxa6 bxa6 14. Nc4 Nxc4 15.
dxc4 a5 16. Qd3 Qc6 17. Re1 h6 18. Be3 Nd7 19. Nh4 Nc5 20. Qc2 f6 21. Nf5 Qd7
22. Bxc5 Bxc5 23. Rab1 Bf7 24. Qb2 Bb6 25. Red1 Bxc4 26. Nxd6+ Qxd6 27. Rxd6
Rxd6 28. Bf1 Bxf1 29. Kxf1 Rhd8 30. Ke1 Rd3 31. c4 R8d4 32. c5 Bxc5 33. Qb8+
Kd7 34. Qb5+ Kd6 35. Rc1 Bb4+ 36. Kf1 c5 37. Qb6+ Ke7 38. Qc7+ Rd7 39. Qc6 R3d4
40. g4 1/2-1/2

[Event "20. Obert Int. Sant Marti 2018 - B"]
[Site "Barcelona ESP"]
[Date "2018.07.16"]
[Round "4.31"]
[White "Sarrate Presas, Jordi"]
[Black "Gomez Parla, Josep"]
[Result "1/2-1/2"]
[WhiteElo "1648"]
[BlackElo "1794"]
[PlyCount "157"]
[EventDate "2018.07.13"]
[EventType "swiss"]
[EventRounds "9"]
[EventCountry "ESP"]
[SourceTitle "Ajedrez en Madrid"]
[Source "lmi"]
[SourceDate "2018.07.13"]
[SourceVersion "1"]
[SourceVersionDate "2019.06.21"]
[SourceQuality "1"]

1. c4 Nf6 2. Nc3 g6 3. g3 Bg7 4. Bg2 O-O 5. e3 c6 6. Nge2 d6 7. O-O Bg4 8. d4
a5 9. h3 Be6 10. d5 cxd5 11. cxd5 Bd7 12. e4 b5 13. Be3 b4 14. Na4 Bxa4 15.
Qxa4 Qd7 16. Qb3 Na6 17. Rfc1 Rac8 18. Qd3 Nc5 19. Bxc5 Rxc5 20. Rxc5 dxc5 21.
Rc1 Rc8 22. Qa6 Qd8 23. Qb5 Nd7 24. b3 Rb8 25. Qd3 Qb6 26. Qc4 Qb5 27. Qxb5
Rxb5 28. f4 Nb6 29. e5 Bf8 30. Rc2 a4 31. Nc1 a3 32. Nd3 c4 33. bxc4 b3 34.
cxb5 bxc2 35. Nc1 f6 36. Be4 fxe5 37. Bxc2 exf4 38. gxf4 Nxd5 39. Bb3 e6 40.
Nd3 Kf7 41. Ne5+ Ke8 42. Nd3 Kd8 43. Kf2 Kc7 44. Kf3 Kb6 45. Bc4 Nc7 46. Kg4
Be7 47. h4 h5+ 48. Kg3 Nxb5 49. Bxe6 Nc3 50. Bf7 Bd6 51. Ne5 Bxe5 52. fxe5 Kc5
53. Kf4 Kd4 54. e6 Nd5+ 55. Kg5 Ke5 56. Kxg6 Nf4+ 57. Kg5 Nxe6+ 58. Kxh5 Nd8
59. Bg8 Kf6 60. Kh6 Nc6 61. h5 Ne5 62. Bb3 Ng4+ 63. Kh7 Kg5 64. h6 Nxh6 65. Kg7
Nf5+ 66. Kf7 Nd4 67. Bc4 Kf5 68. Ke7 Ke5 69. Kd7 Nc2 70. Kc6 Kd4 71. Kb5 Kc3
72. Bf7 Kb2 73. Kc5 Ne3 74. Kd4 Nd1 75. Kd3 Nc3 76. Kd2 Nxa2 77. Bxa2 Kxa2 78.
Kc2 Ka1 79. Kc1 1/2-1/2

[Event "20. Obert Int. Sant Marti 2018 - B"]
[Site "Barcelona ESP"]
[Date "2018.07.16"]
[Round "4.32"]
[White "Lazaro Valls, Xavi"]
[Black "Minos Constante, Pablo"]
[Result "0-1"]
[WhiteElo "1488"]
[BlackElo "1781"]
[PlyCount "66"]
[EventDate "2018.07.13"]
[EventType "swiss"]
[EventRounds "9"]
[EventCountry "ESP"]
[SourceTitle "Ajedrez en Madrid"]
[Source "lmi"]
[SourceDate "2018.07.13"]
[SourceVersion "1"]
[SourceVersionDate "2019.06.21"]
[SourceQuality "1"]

1. e4 c5 2. Nf3 Nc6 3. Bc4 Nf6 4. d3 e6 5. Nc3 d5 6. exd5 exd5 7. Bb5 Bd6 8.
O-O O-O 9. Bxc6 bxc6 10. h3 Rb8 11. b3 h6 12. Ne2 d4 13. Bf4 Nd5 14. Qd2 Bxf4
15. Nxf4 Qf6 16. Nxd5 cxd5 17. Kh2 Bd7 18. Rae1 Rfe8 19. Qa5 Qf4+ 20. Kg1 Bxh3
21. gxh3 Qxf3 22. Qxc5 Rxe1 23. Rxe1 Rb6 24. Qxd4 Rg6+ 25. Kf1 Qh1+ 26. Ke2
Re6+ 27. Qe3 Rxe3+ 28. fxe3 Qxh3 29. Kd2 Qh2+ 30. Re2 Qe5 31. c4 Qa1 32. cxd5
Qxa2+ 33. Kc1 Qxe2 0-1

[Event "20. Obert Int. Sant Marti 2018 - B"]
[Site "Barcelona ESP"]
[Date "2018.07.16"]
[Round "4.33"]
[White "Serra Vilaro, Agustin"]
[Black "Roche Peris, Eduard"]
[Result "1/2-1/2"]
[WhiteElo "1780"]
[BlackElo "1705"]
[PlyCount "30"]
[EventDate "2018.07.13"]
[EventType "swiss"]
[EventRounds "9"]
[EventCountry "ESP"]
[SourceTitle "Ajedrez en Madrid"]
[Source "lmi"]
[SourceDate "2018.07.13"]
[SourceVersion "1"]
[SourceVersionDate "2019.06.21"]
[SourceQuality "1"]

1. d4 d5 2. c3 Nc6 3. f4 Bf5 4. Nf3 Nf6 5. Qb3 Qc8 6. Nbd2 h6 7. e3 e6 8. Be2
Bd6 9. Ne5 Bxe5 10. fxe5 Ne4 11. O-O O-O 12. c4 Ne7 13. Bf3 Ng5 14. cxd5 Nxf3+
15. Rxf3 exd5 1/2-1/2

[Event "20. Obert Int. Sant Marti 2018 - B"]
[Site "Barcelona ESP"]
[Date "2018.07.16"]
[Round "4.34"]
[White "Moncunill Calvet, Pol"]
[Black "Madrid Sole, Antonio"]
[Result "1/2-1/2"]
[WhiteElo "1621"]
[BlackElo "1776"]
[PlyCount "64"]
[EventDate "2018.07.13"]
[EventType "swiss"]
[EventRounds "9"]
[EventCountry "ESP"]
[SourceTitle "Ajedrez en Madrid"]
[Source "lmi"]
[SourceDate "2018.07.13"]
[SourceVersion "1"]
[SourceVersionDate "2019.06.21"]
[SourceQuality "1"]

1. d4 e6 2. e4 d5 3. exd5 exd5 4. Bd3 Bd6 5. Be3 Nf6 6. h3 c6 7. c3 O-O 8. Nf3
Re8 9. O-O Nbd7 10. Nbd2 Nf8 11. Qc2 Ne6 12. Ng5 Nf8 13. Nb3 Qc7 14. Rae1 Bd7
15. Nc5 Re7 16. Nxd7 Qxd7 17. f4 Rae8 18. Qf2 Qc7 19. g3 Ne4 20. Nxe4 dxe4 21.
Bc4 Nd7 22. g4 Nb6 23. Bb3 h6 24. h4 Nd5 25. c4 Nxe3 26. Rxe3 c5 27. d5 Qd7 28.
Qg2 b5 29. Qe2 Qc7 30. Qf2 Qc8 31. Qe2 Qc7 32. Qf2 Qc8 1/2-1/2

[Event "20. Obert Int. Sant Marti 2018 - B"]
[Site "Barcelona ESP"]
[Date "2018.07.16"]
[Round "4.35"]
[White "Reyes, Jesus"]
[Black "Grao Amaya, Rafael"]
[Result "1-0"]
[WhiteElo "1367"]
[BlackElo "1767"]
[PlyCount "97"]
[EventDate "2018.07.13"]
[EventType "swiss"]
[EventRounds "9"]
[EventCountry "ESP"]
[SourceTitle "Ajedrez en Madrid"]
[Source "lmi"]
[SourceDate "2018.07.13"]
[SourceVersion "1"]
[SourceVersionDate "2019.06.21"]
[SourceQuality "1"]

1. e4 g6 2. d4 Bg7 3. f4 d6 4. h3 c6 5. Nf3 Nf6 6. Nc3 a5 7. a4 Na6 8. Be3 Nb4
9. Bd3 h6 10. O-O Nxd3 11. Qxd3 d5 12. e5 Nh7 13. Ne2 Bf5 14. Qd2 h5 15. Ng3
Bd7 16. f5 gxf5 17. Nxh5 Bf8 18. Bh6 Be6 19. Bxf8 Nxf8 20. Ng7+ Kd7 21. Ng5 Nh7
22. N7xe6 fxe6 23. Nf7 Qb6 24. Nxh8 Rxh8 25. Ra3 Rg8 26. Rb3 Qa7 27. Rff3 Ng5
28. Rfd3 Ne4 29. Qe2 Kc7 30. Rd1 b6 31. Kh2 Qa8 32. c4 c5 33. dxc5 Nxc5 34. Rf3
Rd8 35. cxd5 Rxd5 36. Rc1 Kb7 37. Rfc3 Qc8 38. Re1 Qb8 39. b3 Ne4 40. Rd3 Qxe5+
41. Kg1 Qf4 42. Re3 Nc5 43. Qf3 Qg5 44. Rxe6 Ne4 45. Qe3 Qxe3+ 46. Rxe3 Rd1+
47. Kh2 Nd2 48. Rxe7+ Ka6 49. Re1 1-0

[Event "20. Obert Int. Sant Marti 2018 - B"]
[Site "Barcelona ESP"]
[Date "2018.07.16"]
[Round "4.36"]
[White "Jimenez Rimblas, Raul"]
[Black "Elizondo Marquet, Juan Marcos"]
[Result "0-1"]
[WhiteElo "1313"]
[BlackElo "1767"]
[PlyCount "76"]
[EventDate "2018.07.13"]
[EventType "swiss"]
[EventRounds "9"]
[EventCountry "ESP"]
[SourceTitle "Ajedrez en Madrid"]
[Source "lmi"]
[SourceDate "2018.07.13"]
[SourceVersion "1"]
[SourceVersionDate "2019.06.21"]
[SourceQuality "1"]

1. e4 c5 2. Nf3 d6 3. d4 cxd4 4. Nxd4 Nf6 5. Nc3 Nc6 6. Be3 e5 7. Nf3 h6 8. Bc4
Be7 9. h3 O-O 10. Nh4 Nxe4 11. Nxe4 Bxh4 12. Qxd6 Qa5+ 13. Qd2 Rd8 14. Qxa5
Nxa5 15. Bd3 Be6 16. O-O Nc4 17. Bc5 Nxb2 18. Bb5 Rac8 19. Rab1 Bf5 20. Rxb2
Bxe4 21. Bxa7 Bxc2 22. Rc1 Bf5 23. Rxc8 Rxc8 24. Ba4 Rc1+ 25. Kh2 Ra1 26. Rb4
Bg5 27. Bb3 Be6 28. Rxb7 Bxb3 29. axb3 h5 30. b4 h4 31. Bc5 Bf4+ 32. g3 hxg3+
33. Kg2 Ra2 34. b5 e4 35. Ra7 Rc2 36. Bd4 e3 37. Bxe3 Bxe3 38. Kxg3 Bxa7 0-1

[Event "20. Obert Int. Sant Marti 2018 - B"]
[Site "Barcelona ESP"]
[Date "2018.07.16"]
[Round "4.37"]
[White "Franzoni Ladron De Guevara, Enric"]
[Black "Valbuena Castro, Gregorio"]
[Result "1-0"]
[WhiteElo "1760"]
[BlackElo "1646"]
[PlyCount "51"]
[EventDate "2018.07.13"]
[EventType "swiss"]
[EventRounds "9"]
[EventCountry "ESP"]
[SourceTitle "Ajedrez en Madrid"]
[Source "lmi"]
[SourceDate "2018.07.13"]
[SourceVersion "1"]
[SourceVersionDate "2019.06.21"]
[SourceQuality "1"]

1. e4 e5 2. Nf3 Nf6 3. Nxe5 d6 4. Nf3 Be7 5. Nc3 O-O 6. d3 Nc6 7. h3 Be6 8. Be2
Qd7 9. Bf4 d5 10. exd5 Nxd5 11. Nxd5 Bxd5 12. O-O Bd6 13. Qd2 Rfe8 14. Bxd6
Qxd6 15. Rae1 Re6 16. Bd1 Rf6 17. Re3 Be6 18. Rfe1 Rd8 19. c3 h6 20. d4 Qf4 21.
Re4 Qf5 22. c4 Bd7 23. d5 Nb8 24. Qe3 b6 25. Bc2 Qh5 26. Re8+ 1-0

[Event "20. Obert Int. Sant Marti 2018 - B"]
[Site "Barcelona ESP"]
[Date "2018.07.16"]
[Round "4.39"]
[White "Gonzalez Moreno, Antoni"]
[Black "Riera Danes, Manel"]
[Result "1-0"]
[WhiteElo "1667"]
[BlackElo "1938"]
[PlyCount "105"]
[EventDate "2018.07.13"]
[EventType "swiss"]
[EventRounds "9"]
[EventCountry "ESP"]
[SourceTitle "Ajedrez en Madrid"]
[Source "lmi"]
[SourceDate "2018.07.13"]
[SourceVersion "1"]
[SourceVersionDate "2019.06.21"]
[SourceQuality "1"]

1. c4 Nf6 2. Nc3 g6 3. g3 Bg7 4. Bg2 d6 5. e3 O-O 6. Nge2 e5 7. O-O c6 8. b3 d5
9. cxd5 cxd5 10. Bb2 Nc6 11. Rc1 Bf5 12. d4 e4 13. Qd2 Qd7 14. Ba3 Rfd8 15. Na4
b6 16. Rc2 Bf8 17. Bxf8 Kxf8 18. Rfc1 Rac8 19. Nac3 Nb4 20. Nxe4 Nxc2 21. Nxf6
Qd6 22. Nxd5 Na3 23. Nec3 Kg7 24. e4 Be6 25. e5 Qf8 26. Qg5 h6 27. Qf6+ Kh7 28.
Qf4 b5 29. Nf6+ Kg7 30. d5 Bf5 31. d6 a5 32. g4 Be6 33. Ncd5 Rxc1+ 34. Qxc1 b4
35. Nb6 Nb5 36. Qc5 Nc3 37. Qxa5 Ne2+ 38. Kf1 Nf4 39. Bf3 g5 40. Qxb4 Rb8 41.
Qd4 Qd8 42. Qe4 Ng6 43. Nc4 Bxc4+ 44. bxc4 Qa5 45. Nh5+ Kh7 46. e6 fxe6 47.
Qxe6 Rb1+ 48. Kg2 Nh4+ 49. Kh3 Qc3 50. Qf7+ Kh8 51. Qf8+ Kh7 52. Nf6+ Kg6 53.
Qg8+ 1-0

[Event "20. Obert Int. Sant Marti 2018 - B"]
[Site "Barcelona ESP"]
[Date "2018.07.16"]
[Round "4.40"]
[White "Martinez Escribano, Jose Angel"]
[Black "Cabrera Ojeda, Roberto"]
[Result "1-0"]
[WhiteElo "1930"]
[BlackElo "1652"]
[PlyCount "97"]
[EventDate "2018.07.13"]
[EventType "swiss"]
[EventRounds "9"]
[EventCountry "ESP"]
[SourceTitle "Ajedrez en Madrid"]
[Source "lmi"]
[SourceDate "2018.07.13"]
[SourceVersion "1"]
[SourceVersionDate "2019.06.21"]
[SourceQuality "1"]

1. d4 Nf6 2. c4 g6 3. Nc3 Bg7 4. e4 d6 5. f3 O-O 6. Be3 e5 7. Nge2 Nc6 8. Qd2
exd4 9. Nxd4 Nxd4 10. Bxd4 Be6 11. Be2 a6 12. O-O h5 13. Rac1 Nd7 14. Be3 Ne5
15. Nd5 Bxd5 16. cxd5 Qd7 17. h3 f6 18. f4 Nf7 19. f5 g5 20. Bxh5 Ne5 21. Rc3
Qa4 22. Qc2 Qxc2 23. Rxc2 c5 24. dxc6 bxc6 25. Rd1 Rfd8 26. Be2 Bf8 27. Bc4+
Kg7 28. Be6 Be7 29. Rd4 c5 30. Ra4 Ra7 31. Bd5 Nd7 32. Ra3 a5 33. Rb3 Rb8 34.
Rxb8 Nxb8 35. Rc3 Nd7 36. Rb3 Bd8 37. Rb5 Bc7 38. Kf2 Ne5 39. Ke2 Kf8 40. g3
Kg7 41. a4 Kf8 42. h4 gxh4 43. gxh4 Kg7 44. Bd2 Kh7 45. h5 Ng4 46. Rb3 Ne5 47.
Rg3 Bd8 48. Rg8 Be7 49. h6 1-0

[Event "20. Obert Int. Sant Marti 2018 - B"]
[Site "Barcelona ESP"]
[Date "2018.07.16"]
[Round "4.41"]
[White "Lopez Manzano, Antonio"]
[Black "Domenche Redondo, Francesc"]
[Result "1-0"]
[WhiteElo "1900"]
[BlackElo "1652"]
[PlyCount "51"]
[EventDate "2018.07.13"]
[EventType "swiss"]
[EventRounds "9"]
[EventCountry "ESP"]
[SourceTitle "Ajedrez en Madrid"]
[Source "lmi"]
[SourceDate "2018.07.13"]
[SourceVersion "1"]
[SourceVersionDate "2019.06.21"]
[SourceQuality "1"]

1. d4 d5 2. c4 e6 3. Nc3 Nf6 4. cxd5 exd5 5. Bg5 Be7 6. e3 c6 7. Qc2 O-O 8. Bd3
h6 9. Bh4 Be6 10. Nge2 Nbd7 11. f3 c5 12. O-O Qa5 13. Kh1 c4 14. Bf5 Qb6 15. g4
g5 16. Bg3 a6 17. Rad1 Bxf5 18. gxf5 Qc6 19. e4 dxe4 20. fxe4 Nh5 21. Bf2 Ndf6
22. d5 Qd6 23. Rg1 b5 24. a3 Kh7 25. Bd4 Nd7 26. f6 1-0